LIBRARY & INFORMATION CENTRE, KCAET, TAVANUR

ONLINE PUBLIC ACCESS CATALOGUE (OPAC)

Introduction to multivariate statistical analysis / (Record no. 1960)

MARC details
000 -LEADER
fixed length control field 00485cam a2200181ua 4500
020 ## - INTERNATIONAL STANDARD BOOK NUMBER
ISBN 0-85226-0229
041 ## - LANGUAGE CODE
Language code of text/sound track or separate title eng
082 ## - DEWEY DECIMAL CLASSIFICATION NUMBER
Classification number 519.53
Item number AND/IN
100 ## - MAIN ENTRY--AUTHOR NAME
Personal name Anderson, T W .
245 ## - TITLE STATEMENT
Title Introduction to multivariate statistical analysis /
250 ## - EDITION STATEMENT
Edition statement 1 /
260 ## - PUBLICATION, DISTRIBUTION, ETC. (IMPRINT)
Place of publication New Delhi :
Name of publisher Wiley Eastern Ltd ,
Year of publication 1974.
300 ## - PHYSICAL DESCRIPTION
Number of Pages 374 ; .
942 ## - ADDED ENTRY ELEMENTS (KOHA)
Koha item type Books
Holdings
Withdrawn status Lost status Damaged status Home library Current library Date acquired Full call number Accession Number Koha item type
      KAUAET KAUAET 22/08/1986 519.53 AND/IN 15478 Books
free website counter